[Event "ch-PHI w"]
[Site "Tagaytay City PHI"]
[Date "2010.05.25"]
[Round "1"]
[White "Cherry,A"]
[Black "Salvador,A"]
[Result "1-0"]
[WhiteElo "1868"]
[BlackElo "2058"]
[EventDate "2010.05.25"]

1. e4 e6 2. d3 d5 3. Nd2 Nf6 4. Ngf3 c5 5. g3 Nc6 6. Bg2 Be7 7. O-O O-O 8.
Re1 dxe4 9. dxe4 e5 10. c3 h6 11. h3 Be6 12. Qe2 Qc7 13. Nh4 Rfd8 14. Nc4
b5 15. Ne3 c4 16. Nhf5 Bf8 17. Qf3 Bxf5 18. Nxf5 Nd7 19. Be3 Ne7 20. Qg4
Kh7 21. Rad1 Nf6 22. Qf3 Ne8 23. Qg4 g6 24. Nxe7 Qxe7 25. h4 a5 26. h5 Nf6
27. hxg6+ fxg6 28. Qf3 Bg7 29. Bh3 Rxd1 30. Rxd1 Rd8 31. Bg2 b4 32. Bb6
Rxd1+ 33. Qxd1 bxc3 34. bxc3 Qa3 35. Qd2 Qa4 36. Bf3 Qb5 37. Bd8 Qb1+ 38.
Kh2 Nxe4 39. Bxe4 Qxe4 40. Bxa5 h5 41. Bb4 h4 42. Qg5 hxg3+ 43. Qxg3 Bh6
44. Qh3 Qd5 45. Bf8 1-0

[Event "ch-PHI w"]
[Site "Tagaytay City PHI"]
[Date "2010.05.25"]
[Round "1"]
[White "Cua,Sherc"]
[Black "Bernales,C"]
[Result "1/2-1/2"]
[WhiteElo "2142"]
[BlackElo "2043"]
[EventDate "2010.05.25"]

1. d4 Nf6 2. c4 e6 3. g3 d5 4. Bg2 b6 5. Nf3 Bb7 6. Ne5 Bd6 7. O-O O-O 8.
b3 Nbd7 9. Bb2 Rc8 10. cxd5 exd5 11. Bh3 Qe7 12. Nxd7 Nxd7 13. Nc3 c6 14.
Qd3 Rce8 15. Rfe1 Nf6 16. e3 Ne4 17. f3 Ng5 18. Bg2 Qc7 19. f4 Ne6 20. Rac1
Qd8 21. e4 Nc7 22. e5 Be7 23. Nb1 f5 24. exf6 Bxf6 25. Nd2 Rxe1+ 26. Rxe1
Re8 27. Rxe8+ Qxe8 28. Nf3 Ba6 29. Qd2 Qe4 30. Kf2 Qb1 31. a4 Qd3 32. Bc3
Ne6 33. Qxd3 Bxd3 34. Bh3 Kf7 35. b4 Bc2 36. a5 c5 37. axb6 axb6 38. bxc5
bxc5 39. Ne5+ Bxe5 40. Bxe6+ Kxe6 41. fxe5 cxd4 42. Bxd4 Kf5 43. Ke3 Be4
44. e6 Kxe6 45. Bxg7 Kf5 46. h4 h5 47. Kd4 Kg4 48. Be5 1/2-1/2

[Event "ch-PHI w"]
[Site "Tagaytay City PHI"]
[Date "2010.05.25"]
[Round "1"]
[White "Camacho,C"]
[Black "Mendoza,B"]
[Result "1/2-1/2"]
[WhiteElo "2186"]
[BlackElo "2078"]
[EventDate "2010.05.25"]

1. e4 Nc6 2. Nf3 e5 3. d4 exd4 4. Bc4 Nf6 5. e5 d5 6. Bb5 Ne4 7. Nxd4 Bd7
8. Bxc6 bxc6 9. O-O Bc5 10. f3 Ng5 11. f4 Ne4 12. Nc3 Nxc3 13. bxc3 O-O 14.
Qe2 Qe7 15. Be3 f6 16. exf6 Qxf6 17. Qf2 Rae8 18. g3 Re4 19. Rfe1 Rfe8 20.
Qd2 Bb6 21. Bf2 Bg4 22. Rxe4 Rxe4 23. Re1 Bxd4 24. Bxd4 Qe7 25. Rxe4 Qxe4
26. Qe3 Qxe3+ 27. Bxe3 a6 28. Bd4 Kf7 29. Kf2 Bf5 30. Be5 g6 31. Ke3 Ke6
32. Bxc7 Bxc2 33. Kd4 h5 34. Be5 Bb1 35. a3 Bc2 36. Kc5 Kd7 37. h3 Ba4 38.
g4 hxg4 39. hxg4 Ke6 40. Bd4 Bd1 41. Kb6 Be2 42. Kb7 Bb5 43. Kb6 Be2 44.
Ka5 Bb5 45. a4 Be2 46. Kb6 Bd1 47. a5 Be2 1/2-1/2

[Event "ch-PHI w"]
[Site "Tagaytay City PHI"]
[Date "2010.05.25"]
[Round "1"]
[White "Perena,C"]
[Black "Docena,J"]
[Result "1/2-1/2"]
[WhiteElo "2090"]
[BlackElo "2008"]
[EventDate "2010.05.25"]

1. d4 d5 2. c4 c6 3. Nc3 Nf6 4. Nf3 dxc4 5. a4 Bf5 6. e3 a5 7. Bxc4 e6 8.
O-O Bb4 9. Qb3 Qe7 10. Ne5 O-O 11. Bd2 Nbd7 12. Nd3 Nb6 13. Nb1 Nxc4 14.
Bxb4 axb4 15. Qxc4 Bxd3 16. Qxd3 b5 17. Qc2 Ra6 18. Nd2 Rfa8 19. a5 e5 20.
Nb3 e4 21. Rfc1 h5 22. Qd1 g6 23. Rc5 Nd7 24. Rc2 Qe6 25. Rd2 Qd5 26. Rc1
Kh7 27. Kh1 Re8 28. Qc2 Rd8 29. Qd1 Re8 30. Qc2 Rd8 31. h3 Kg7 32. Kg1 Kh7
33. Rcd1 Qc4 34. Rc1 Qd5 35. Rcd1 Qc4 36. Rc1 Qd5 37. Re1 Re8 1/2-1/2

[Event "ch-PHI w"]
[Site "Tagaytay City PHI"]
[Date "2010.05.25"]
[Round "1"]
[White "Jose,Ru"]
[Black "Palomo,J"]
[Result "1-0"]
[WhiteElo "1986"]
[BlackElo "1879"]
[EventDate "2010.05.25"]

1. d4 d5 2. Nf3 Nf6 3. c4 c6 4. e3 e6 5. Nbd2 Nbd7 6. b3 c5 7. Bb2 b6 8.
cxd5 Nxd5 9. Bb5 N5f6 10. O-O Be7 11. Ne5 Qc7 12. Qf3 Rb8 13. Qg3 Nh5 14.
Qg4 g6 15. dxc5 O-O 16. Nc6 Nxc5 17. Nxb8 Qxb8 18. b4 e5 19. Qe2 Ne6 20.
Nc4 a6 21. Bc6 f6 22. a3 Nhg7 23. Rfd1 Nf5 24. Rd2 Qc7 25. Be4 Bd7 26. Rc1
Bb5 27. a4 Bxa4 28. Nxe5 Qa7 29. Bd5 Nfg7 30. Qc4 fxe5 31. Bxe6+ Kh8 32.
Bxe5 Be8 33. Qd4 1-0

[Event "ch-PHI w"]
[Site "Tagaytay City PHI"]
[Date "2010.05.26"]
[Round "2"]
[White "Salvador,A"]
[Black "Palomo,J"]
[Result "1-0"]
[WhiteElo "2058"]
[BlackElo "1879"]
[EventDate "2010.05.25"]

1. e4 e5 2. Nf3 Nc6 3. Bb5 d6 4. d4 exd4 5. Nxd4 Bd7 6. Nxc6 bxc6 7. Bc4
Nf6 8. Nc3 Be7 9. O-O O-O 10. h3 Be6 11. Bd3 Nd7 12. f4 f5 13. Qf3 fxe4 14.
Qxe4 Bf5 15. Qxc6 Bxd3 16. cxd3 Bf6 17. Be3 Nb6 18. Rac1 Qe7 19. Qf3 Rac8
20. b3 Qd7 21. Nd5 Bd8 22. Nxb6 axb6 23. Qb7 Qe6 24. Bxb6 c5 25. Rce1 Qf5
26. Bxd8 Rcxd8 27. Qe4 Qh5 28. Qc4+ Qf7 29. Re7 Qxc4 30. dxc4 d5 31. cxd5
Rxd5 32. Rf2 h6 33. a4 Rb8 34. Rf3 Rd1+ 35. Kh2 Rb1 36. Rg3 R1xb3 37.
Rgxg7+ Kf8 38. Ref7+ Ke8 39. Rc7 Kd8 40. Rgd7+ Ke8 41. Rh7 Kd8 42. Rxc5
R8b4 43. Rxh6 Kd7 1-0

[Event "ch-PHI w"]
[Site "Tagaytay City PHI"]
[Date "2010.05.26"]
[Round "2"]
[White "Mendoza,B"]
[Black "Perena,C"]
[Result "1-0"]
[WhiteElo "2078"]
[BlackElo "2090"]
[EventDate "2010.05.25"]

1. e4 e5 2. Bc4 Nf6 3. d4 Nxe4 4. dxe5 Qe7 5. Qe2 Ng5 6. Nc3 Ne6 7. Nf3 Nc6
8. O-O Qd8 9. Be3 Be7 10. Rad1 O-O 11. Nd5 Re8 12. Nf4 d6 13. Rfe1 Bf8 14.
Nxe6 Bxe6 15. Bg5 Qc8 16. exd6 Bxd6 17. Bxe6 Rxe6 18. Qc4 Rxe1+ 19. Rxe1
Qf5 20. a3 h6 21. Bh4 a6 22. Bg3 Bxg3 23. hxg3 Rd8 24. Kf1 h5 25. Qe4 Qb5+
26. Kg1 Qxb2 27. Ng5 g6 28. Qf4 Rd7 29. Re8+ Kg7 30. g4 Qd4 31. Ne4 Ne7 32.
g5 Nd5 33. Nf6 Nxf6 34. gxf6+ Kh7 35. Rh8+ 1-0

[Event "ch-PHI w"]
[Site "Tagaytay City PHI"]
[Date "2010.05.26"]
[Round "2"]
[White "Suede,M"]
[Black "Camacho,C"]
[Result "1-0"]
[WhiteElo "1949"]
[BlackElo "2186"]
[EventDate "2010.05.25"]

1. e4 c5 2. Nc3 a6 3. f4 e6 4. g3 b5 5. Bg2 Bb7 6. d3 Nf6 7. Nh3 b4 8. Ne2
d5 9. e5 Ng4 10. O-O g6 11. Bf3 h5 12. Ng5 Nh6 13. c4 bxc3 14. bxc3 Be7 15.
c4 Nf5 16. Nc3 Bxg5 17. fxg5 Nd7 18. cxd5 Nxe5 19. Qa4+ Kf8 20. Be4 Kg7 21.
Bf4 Ng4 22. dxe6 Ra7 23. Bxf5 gxf5 24. h3 Ne3 25. Bxe3 Qxd3 26. Bf4 Qxc3
27. Rae1 Be4 28. Rxe4 fxe4 29. Qxe4 Qa3 30. Be5+ Kf8 31. Bd6+ Kg7 32. Qe5+
Kh7 33. Qf5+ Kg7 34. Qf6+ 1-0

[Event "ch-PHI w"]
[Site "Tagaytay City PHI"]
[Date "2010.05.26"]
[Round "2"]
[White "Bernales,C"]
[Black "Suede,A"]
[Result "0-1"]
[WhiteElo "2043"]
[BlackElo "1945"]
[EventDate "2010.05.25"]

1. e4 e6 2. d4 d5 3. exd5 exd5 4. Bd3 Bd6 5. Nf3 Nf6 6. O-O O-O 7. h3 c5 8.
c3 Nc6 9. Bg5 cxd4 10. cxd4 h6 11. Be3 Nb4 12. Be2 Bf5 13. Ne1 Rc8 14. Nc3
Ne4 15. a3 Nxc3 16. bxc3 Nc6 17. c4 dxc4 18. Bxc4 Qe7 19. Bd3 Bxd3 20. Nxd3
Rfd8 21. Qg4 Qd7 22. Qe4 Re8 23. Qf3 Bb8 24. Nc5 Qd6 25. g3 Nxd4 26. Bxd4
Qxd4 27. Nxb7 Rc3 28. Rfd1 Re1+ 29. Kg2 Rxf3 30. Rxd4 Rxa1 31. Kxf3 Rxa3+
32. Kg4 Bc7 33. Rc4 Bb6 34. Rc8+ Kh7 35. f3 Rd3 36. Rc6 g6 37. Kf4 Rd7 38.
Nc5 Rd4+ 39. Ke5 Rc4 40. Kd5 Rxc5+ 41. Rxc5 Bxc5 42. Kxc5 Kg7 43. Kb5 Kf6
44. Ka6 Ke5 45. Kxa7 Kd4 0-1

[Event "ch-PHI w"]
[Site "Tagaytay City PHI"]
[Date "2010.05.26"]
[Round "2"]
[White "Cherry,A"]
[Black "Cua,Sherc"]
[Result "1/2-1/2"]
[WhiteElo "1868"]
[BlackElo "2142"]
[EventDate "2010.05.25"]

1. e4 e6 2. d3 d5 3. Nd2 Nf6 4. Ngf3 Be7 5. g3 c5 6. Bg2 Nc6 7. O-O b5 8.
Re1 Bb7 9. c3 a5 10. e5 Nd7 11. Nf1 a4 12. Bf4 b4 13. c4 Nb6 14. Ne3 g5 15.
cxd5 exd5 16. Bxg5 Bxg5 17. Nxg5 Qxg5 18. Nxd5 Nxd5 19. Bxd5 Qe7 20. e6 f6
21. Qh5+ Kd8 22. Bxc6 Bxc6 23. Rac1 Ra5 24. d4 Kc7 25. d5 Bb7 26. Rcd1 Rd8
27. Qf5 Rd6 28. Re4 Kb6 29. Rh4 c4 30. Rxh7 Raxd5 31. Rxd5 Rxd5 32. Qxd5
Qxh7 33. Qd4+ Kc7 34. Qc5+ Bc6 35. Qa7+ Bb7 36. Qc5+ Bc6 1/2-1/2

[Event "ch-PHI w"]
[Site "Tagaytay City PHI"]
[Date "2010.05.26"]
[Round "3"]
[White "Camacho,C"]
[Black "Bernales,C"]
[Result "1-0"]
[WhiteElo "2186"]
[BlackElo "2043"]
[EventDate "2010.05.25"]

1. e4 e6 2. d4 d5 3. Nc3 Nf6 4. Bg5 Be7 5. e5 Nfd7 6. Bxe7 Qxe7 7. f4 O-O
8. Nf3 c5 9. dxc5 Nxc5 10. Bd3 f6 11. O-O Nc6 12. exf6 Qxf6 13. Ne5 Nd7 14.
Nxd7 Bxd7 15. Qd2 Qd4+ 16. Kh1 Rf6 17. Ne2 Qc5 18. Ng3 Nb4 19. a4 Rc8 20.
c3 Nxd3 21. Qxd3 Qc4 22. Qe3 a6 23. Qe5 Rcf8 24. Nh5 R6f7 25. Rfd1 g6 26.
Rd4 Qb3 27. Rb4 Qc2 28. Ng3 Bc8 29. a5 Qf2 30. Rf1 Qc5 31. Ne4 Qxa5 32. Nd6
Re7 33. f5 gxf5 34. Rg4+ fxg4 35. Rxf8+ Kxf8 36. Qh8+ 1-0

[Event "ch-PHI w"]
[Site "Tagaytay City PHI"]
[Date "2010.05.26"]
[Round "3"]
[White "Perena,C"]
[Black "Suede,M"]
[Result "1-0"]
[WhiteElo "2090"]
[BlackElo "1949"]
[EventDate "2010.05.25"]

1. d4 Nf6 2. c4 g6 3. Nf3 Bg7 4. g3 d5 5. Bg2 Bf5 6. O-O O-O 7. Nc3 Be4 8.
Nxe4 Nxe4 9. Qb3 Nf6 10. Qxb7 Nbd7 11. c5 e6 12. Bf4 Rb8 13. Qxa7 Rxb2 14.
c6 Nb8 15. Rfc1 Qe8 16. Qxc7 Qc8 17. Qa7 Na6 18. Bf1 Ne8 19. e3 Nec7 20. a4
f6 21. Rab1 Rxb1 22. Rxb1 e5 23. dxe5 fxe5 24. Rb7 Qf5 25. Bxa6 exf4 26.
Rxc7 Bh6 27. exf4 1-0

[Event "ch-PHI w"]
[Site "Tagaytay City PHI"]
[Date "2010.05.26"]
[Round "3"]
[White "Jose,Ru"]
[Black "Mendoza,B"]
[Result "1/2-1/2"]
[WhiteElo "1986"]
[BlackElo "2078"]
[EventDate "2010.05.25"]

1. d4 f5 2. Nf3 e6 3. c4 Bb4+ 4. Nbd2 Nf6 5. e3 O-O 6. Be2 b6 7. a3 Be7 8.
b3 Bb7 9. Bb2 Ne4 10. O-O d6 11. Qc2 Nd7 12. Rfd1 Qe8 13. Ne1 Rc8 14. Bf3
d5 15. Nd3 Bd6 16. Rac1 c6 17. Be2 Rf6 18. Nf3 Rh6 19. Nfe5 Qd8 20. f3 Qh4
21. h3 Nxe5 22. dxe5 Bc5 23. Bd4 Bxd4 24. exd4 Ng5 25. Nf2 Rg6 26. Kf1 Qg3
27. Bd3 Nf7 28. Ng4 c5 29. cxd5 Bxd5 30. Ne3 Bxf3 31. gxf3 Qg1+ 32. Ke2
Qh2+ 33. Ke1 Qg1+ 34. Ke2 Qh2+ 35. Ke1 Qg1+ 1/2-1/2

[Event "ch-PHI w"]
[Site "Tagaytay City PHI"]
[Date "2010.05.26"]
[Round "3"]
[White "Palomo,J"]
[Black "Docena,J"]
[Result "1/2-1/2"]
[WhiteElo "1879"]
[BlackElo "2008"]
[EventDate "2010.05.25"]

1. d4 d5 2. c4 c6 3. e3 Nf6 4. Nf3 Bf5 5. Qb3 Qc7 6. cxd5 Nxd5 7. Nc3 Nf6
8. Bd2 e6 9. Be2 Bd6 10. Rc1 Qe7 11. h3 O-O 12. O-O h6 13. Rfd1 b6 14. a3
Nbd7 15. Qa4 b5 16. Qb3 a6 17. Be1 c5 18. dxc5 Nxc5 19. Qa2 e5 20. Nd5 Nxd5
21. Qxd5 Rad8 22. Bb4 Be4 23. Qd2 Qf6 24. Qc3 Na4 25. Qb3 Rfe8 26. Bxd6
Rxd6 27. Qb4 Rxd1+ 28. Rxd1 Bf5 29. b3 Nb6 30. a4 bxa4 31. bxa4 e4 32. Nd4
Bc8 33. Rc1 Nd5 34. Qa5 Nf4 35. Bf1 Nd3 36. Bxd3 exd3 37. Qd2 Qg6 38. Kf1
Bb7 39. f3 Qg5 40. Kf2 Qh4+ 41. Kf1 Qg5 42. Kf2 Qh4+ 43. Kf1 Qg5 44. Kf2
1/2-1/2

[Event "ch-PHI w"]
[Site "Tagaytay City PHI"]
[Date "2010.05.27"]
[Round "4"]
[White "Mendoza,B"]
[Black "Palomo,J"]
[Result "1-0"]
[WhiteElo "2078"]
[BlackElo "1879"]
[EventDate "2010.05.25"]

1. e4 e5 2. Bc4 Nc6 3. Nc3 Nf6 4. d3 Bb4 5. Nge2 Na5 6. Bb3 O-O 7. O-O Nxb3
8. axb3 d5 9. Bg5 dxe4 10. dxe4 Qxd1 11. Rfxd1 c6 12. Be3 a6 13. Na4 Nd7
14. c3 Be7 15. b4 b5 16. Nc5 Nxc5 17. Bxc5 Bxc5 18. bxc5 a5 19. Rd6 Ra6 20.
Nc1 Re8 21. Nd3 f6 22. Rd1 Kf7 23. f3 Be6 24. Kf2 Bc4 25. Ke3 Re6 26. Nc1
a4 27. Rxe6 Kxe6 28. Rd6+ Ke7 29. Kd2 Kf7 30. h4 Ke7 31. g3 Ke8 32. f4 Ke7
33. f5 Ke8 34. g4 h6 35. Nd3 Bxd3 36. Kxd3 Ke7 37. Kc2 Ke8 38. Kb1 Ke7 39.
Ka2 Ke8 40. Ka3 Kf8 41. Ka2 Ke8 42. g5 hxg5 43. hxg5 Ke7 44. gxf6+ gxf6 45.
Ka3 Kf7 46. Rd7+ Ke8 47. Rc7 Kf8 48. Rb7 Ke8 49. Rb6 Rxb6 50. cxb6 Kd7 51.
Kb4 Kc8 52. c4 bxc4 53. Kxc4 Kb8 54. Kb4 Kb7 55. Kc5 1-0

[Event "ch-PHI w"]
[Site "Tagaytay City PHI"]
[Date "2010.05.27"]
[Round "4"]
[White "Suede,M"]
[Black "Jose,Ru"]
[Result "0-1"]
[WhiteElo "1949"]
[BlackElo "1986"]
[EventDate "2010.05.25"]

1. e4 d6 2. Nc3 g6 3. Bc4 Bg7 4. d3 e6 5. a3 Ne7 6. f4 d5 7. Ba2 c5 8. Nf3
Nbc6 9. O-O O-O 10. g4 Nd4 11. Rf2 Nxf3+ 12. Rxf3 Bd4+ 13. Kh1 Bxc3 14.
bxc3 dxe4 15. Rh3 b6 16. Qe1 exd3 17. cxd3 Nd5 18. g5 e5 19. Rh6 Nxf4 20.
Qxe5 Bb7+ 21. Kg1 Nxd3 22. Qg3 Nxc1 23. Rxc1 Qd2 24. Rf1 Qxa2 25. Qh3 Qd5
26. Rf4 Qxg5+ 27. Rg4 Qc1+ 28. Kf2 Qd2+ 29. Kf1 Rae8 30. Qh4 Qd1+ 0-1

[Event "ch-PHI w"]
[Site "Tagaytay City PHI"]
[Date "2010.05.27"]
[Round "4"]
[White "Bernales,C"]
[Black "Perena,C"]
[Result "1/2-1/2"]
[WhiteElo "2043"]
[BlackElo "2090"]
[EventDate "2010.05.25"]

1. e4 e5 2. Nf3 Nf6 3. Nxe5 d6 4. Nf3 Nxe4 5. Nc3 Nxc3 6. dxc3 Be7 7. Bf4
Nd7 8. Qd2 Nc5 9. O-O-O O-O 10. Nd4 Ne6 11. Be3 Nxd4 12. cxd4 Bf5 13. f3
Qd7 14. g4 Bg6 15. h4 h5 16. Bh3 Qa4 17. Kb1 c5 18. gxh5 Bxh5 19. Bg4 Bxg4
20. fxg4 Bf6 21. g5 Bxd4 22. Bxd4 Qxd4 23. Qxd4 cxd4 24. Rxd4 Rad8 25. Rhd1
Rfe8 26. Kc1 Re6 27. Kd2 Kf8 28. Kd3 Ke7 29. Rf1 Rc8 30. Rdf4 f6 31. c3 Rc5
32. gxf6+ Rxf6 33. Re4+ Kf7 34. Rfe1 Rc7 35. R1e2 Rh6 36. Rf2+ Rf6 37. Rfe2
Rh6 38. Rf2+ Rf6 39. Rfe2 Rh6 40. Rf2+ 1/2-1/2

[Event "ch-PHI w"]
[Site "Tagaytay City PHI"]
[Date "2010.05.27"]
[Round "4"]
[White "Cherry,A"]
[Black "Camacho,C"]
[Result "0-1"]
[WhiteElo "1868"]
[BlackElo "2186"]
[EventDate "2010.05.25"]

1. e4 c5 2. Nf3 a6 3. d3 e6 4. g3 b5 5. Bg2 Bb7 6. Nbd2 Nc6 7. O-O Be7 8.
Re1 d6 9. c3 Nf6 10. Nf1 O-O 11. h4 Kh8 12. N3h2 Nd7 13. Ne3 Nb6 14. f4 f5
15. Qe2 Qd7 16. Nf3 Rae8 17. b3 Bf6 18. Bb2 b4 19. c4 Bxb2 20. Qxb2 fxe4
21. dxe4 e5 22. f5 Nd4 23. Nf1 Qe7 24. N1h2 Nd7 25. a3 bxa3 26. Rxa3 Nf6
27. Nd2 Nh5 28. Ndf1 g6 29. Bf3 Nxf3+ 30. Nxf3 gxf5 31. Ng5 h6 32. Qe2 Ng7
33. Nh3 fxe4 34. Nf2 Nf5 35. Qh5 Qg7 36. Ng4 Re6 37. Kh2 Nd4 38. Rd1 Rf5
39. Qxf5 Nxf5 40. Nfe3 h5 41. Nxf5 Qxg4 42. Raa1 e3 43. Nxe3 Qe2+ 44. Kh3
Qxe3 45. Re1 Qf2 46. Rg1 Rf6 47. b4 Bc8+ 48. g4 Rf3+ 0-1

[Event "ch-PHI w"]
[Site "Tagaytay City PHI"]
[Date "2010.05.27"]
[Round "4"]
[White "Cua,Sherc"]
[Black "Suede,A"]
[Result "1-0"]
[WhiteElo "2142"]
[BlackElo "1945"]
[EventDate "2010.05.25"]

1. d4 d5 2. Nf3 Nf6 3. c4 c6 4. Nc3 dxc4 5. a4 Bf5 6. Ne5 Nbd7 7. Nxc4 Qc7
8. g3 e5 9. dxe5 Nxe5 10. Bf4 Nfd7 11. Bg2 f6 12. O-O Be6 13. Nxe5 Nxe5 14.
Qc2 Be7 15. a5 Rc8 16. a6 b5 17. Rfc1 Qb8 18. Ne4 c5 19. Nc3 O-O 20. Qe4 b4
21. Nd5 Bd6 22. Ne3 c4 23. Nxc4 f5 24. Qd4 Rxc4 25. Rxc4 Bxc4 26. Bxe5 Bxe5
27. Qxc4+ Kh8 28. Ra5 Qd6 29. Rd5 Qf6 30. Qxb4 Bxb2 31. Rd7 Bc3 32. Qc5 Qe6
33. Qxf8+ 1-0

[Event "ch-PHI w"]
[Site "Tagaytay City PHI"]
[Date "2010.05.27"]
[Round "5"]
[White "Suede,A"]
[Black "Salvador,A"]
[Result "1/2-1/2"]
[WhiteElo "1945"]
[BlackElo "2058"]
[EventDate "2010.05.25"]

1. e4 e6 2. d4 d5 3. Nd2 Nf6 4. e5 Nfd7 5. Bd3 c5 6. c3 Nc6 7. Ne2 Qb6 8.
Nf3 cxd4 9. cxd4 f6 10. exf6 Nxf6 11. O-O Bd6 12. Nc3 O-O 13. h3 Bd7 14.
Be3 a6 15. a3 Rac8 16. Ne5 Bxe5 17. dxe5 Qxb2 18. exf6 Qxc3 19. fxg7 Qxg7
20. Qd2 Ne5 21. Be2 Nf3+ 22. Bxf3 Rxf3 23. Kh1 Rf7 24. f4 Qg6 25. Rac1 Rff8
26. Bc5 Rf7 27. Rf3 h6 28. Qf2 Kh7 29. Qb2 Bb5 30. Bd6 Rxc1+ 31. Qxc1 Bc6
32. Kh2 Rg7 33. g4 d4 34. Rf2 Qe4 35. Kg3 Rd7 36. Be5 d3 37. Qc5 Rf7 38.
Qa7 Qe1 39. Qd4 b6 40. Qxd3+ Be4 41. Qe2 Qxe2 42. Rxe2 1/2-1/2

[Event "ch-PHI w"]
[Site "Tagaytay City PHI"]
[Date "2010.05.27"]
[Round "5"]
[White "Camacho,C"]
[Black "Cua,Sherc"]
[Result "1-0"]
[WhiteElo "2186"]
[BlackElo "2142"]
[EventDate "2010.05.25"]

1. e4 e6 2. d4 d5 3. Nc3 Bb4 4. e5 c5 5. Bd2 Ne7 6. Nb5 Bxd2+ 7. Qxd2 O-O
8. f4 Nbc6 9. Nf3 a6 10. Nd6 f6 11. dxc5 fxe5 12. fxe5 Ng6 13. Be2 Ncxe5
14. O-O Qc7 15. b4 Nxf3+ 16. Bxf3 Ne7 17. Bh5 Bd7 18. Qg5 Nf5 19. Nxf5 exf5
20. Rae1 h6 21. Qh4 Bb5 22. Re7 Qc6 23. Rfe1 g5 24. Qd4 Qf6 25. Qxd5+ Kh8
26. R7e6 Qg7 27. Rg6 Rad8 28. Qe6 1-0

[Event "ch-PHI w"]
[Site "Tagaytay City PHI"]
[Date "2010.05.27"]
[Round "5"]
[White "Perena,C"]
[Black "Cherry,A"]
[Result "1-0"]
[WhiteElo "2090"]
[BlackElo "1868"]
[EventDate "2010.05.25"]

1. d4 d5 2. c4 dxc4 3. Nc3 e5 4. e3 exd4 5. exd4 Nf6 6. Bxc4 Be7 7. Nf3 O-O
8. O-O c6 9. Re1 Nbd7 10. Qd3 Nb6 11. Bb3 Nbd5 12. Ne5 Re8 13. Bg5 Be6 14.
Qf3 h6 15. Bh4 Nh7 16. Bxe7 Rxe7 17. Ne4 Ndf6 18. Bxe6 Rxe6 19. Nc5 Re7 20.
Rad1 Qc7 21. Re3 Ng5 22. Qf5 Rd8 23. h4 Ngh7 24. Rdd3 Rde8 25. Rb3 b6 26.
Ncd3 Qd6 27. Rg3 Qd5 28. Nb4 Qxd4 29. Nbxc6 Qd1+ 30. Kh2 Re6 31. Rbe3 Qd5
32. Nxf7 Kxf7 33. Qg6+ 1-0

[Event "ch-PHI w"]
[Site "Tagaytay City PHI"]
[Date "2010.05.27"]
[Round "5"]
[White "Jose,Ru"]
[Black "Bernales,C"]
[Result "1-0"]
[WhiteElo "1986"]
[BlackElo "2043"]
[EventDate "2010.05.25"]

1. d4 Nf6 2. c4 e6 3. Nf3 d5 4. e3 b6 5. Nbd2 Bb7 6. b3 Bd6 7. Bb2 O-O 8.
Bd3 Ne4 9. O-O Nd7 10. Rc1 c5 11. Ne5 f6 12. Nxd7 Qxd7 13. cxd5 Nxd2 14.
Qxd2 exd5 15. Qe2 Kh8 16. Qh5 g5 17. dxc5 bxc5 18. Qxg5 d4 19. Qf5 Qg7 20.
Be4 Qh6 21. h3 Bxe4 22. Qxe4 Rg8 23. Qf3 Qh4 24. Rfd1 Be5 25. Rxc5 Rad8 26.
exd4 Bxd4 27. Bxd4 Rxd4 28. Rxd4 Qxd4 29. Rd5 Qb2 30. Rd7 a5 31. g3 Qe5 32.
Kg2 Rf8 33. Qd3 Qh5 34. Rd5 Qf7 35. Rxa5 Qb7+ 36. Qd5 Qc7 37. b4 Qb6 38.
Rb5 Qc7 39. Rb7 Qc2 40. b5 Qc8 41. Qd7 1-0

[Event "ch-PHI w"]
[Site "Tagaytay City PHI"]
[Date "2010.05.27"]
[Round "5"]
[White "Palomo,J"]
[Black "Suede,M"]
[Result "1-0"]
[WhiteElo "1879"]
[BlackElo "1949"]
[EventDate "2010.05.25"]

1. d4 Nf6 2. Nf3 d5 3. Bf4 c5 4. c3 Qb6 5. Qc2 Nc6 6. dxc5 Qxc5 7. Nbd2 g6
8. e3 Bg7 9. h3 O-O 10. Be2 Re8 11. O-O e5 12. Bg5 Bf5 13. Qa4 h6 14. Bxf6
Bxf6 15. e4 Bd7 16. exd5 Qxd5 17. Bc4 Qa5 18. Qb3 Be6 19. Qxb7 Bxc4 20.
Nxc4 Qc5 21. Ncd2 e4 22. Qb3 Rad8 23. Qa4 Na5 24. b4 Qe7 25. Qxa5 Bxc3 26.
Rad1 Bxb4 27. Qb5 e3 28. fxe3 Bxd2 29. Rxd2 Rxd2 30. Nxd2 Qxe3+ 31. Rf2 Rd8
32. Qe2 Qd4 33. Nf3 Qa4 34. Rf1 Re8 35. Qd2 Kh7 36. Qb2 Qa5 37. Nd4 Qd5 38.
Qf2 Kg8 39. Qf6 Rb8 40. Nc6 Qc5+ 41. Kh1 Rf8 42. Ne7+ Kh7 43. Nxg6 1-0

[Event "ch-PHI w"]
[Site "Tagaytay City PHI"]
[Date "2010.05.27"]
[Round "5"]
[White "Docena,J"]
[Black "Mendoza,B"]
[Result "1-0"]
[WhiteElo "2008"]
[BlackElo "2078"]
[EventDate "2010.05.25"]

1. e4 e5 2. Nc3 Nf6 3. f4 d5 4. fxe5 Nxe4 5. Nf3 Bc5 6. d4 Bb4 7. Bd2 Bg4
8. Be2 Nxd2 9. Qxd2 O-O 10. O-O-O c6 11. h3 Bf5 12. Qe3 Qa5 13. Kb1 Bxc3
14. Qxc3 Qxc3 15. bxc3 b5 16. Bd3 Bxd3 17. cxd3 Nd7 18. Kc2 Rab8 19. Rb1
Rb6 20. Rhe1 Ra6 21. Kb2 Re8 22. Ka1 Nf8 23. g3 Ne6 24. Nd2 Rc8 25. Re3 Ra3
26. Rb3 Ra4 27. Rb1 b4 28. Rxb4 Rxb4 29. cxb4 Rb8 30. a3 Nxd4 31. Ka2 Kf8
32. Nb3 Nxb3 33. Kxb3 a5 34. d4 Ke7 35. Rc3 Kd7 36. Rc5 axb4 37. axb4 Rb5
38. Rc2 Rb7 39. Ra2 Kc7 40. Ra8 Rb8 41. Rxb8 Kxb8 42. Ka4 Kc7 43. Ka5 f5
44. exf6 gxf6 45. g4 Kd7 46. b5 cxb5 47. Kxb5 h5 48. Kc5 Ke6 49. gxh5 Kf5
50. Kxd5 Kg5 51. Ke4 f5+ 52. Kf3 Kxh5 53. Kf4 Kg6 54. h4 Kh5 55. Kxf5 Kxh4
56. d5 1-0

[Event "ch-PHI w"]
[Site "Tagaytay City PHI"]
[Date "2010.05.30"]
[Round "6"]
[White "Salvador,A"]
[Black "Mendoza,B"]
[Result "0-1"]
[WhiteElo "2058"]
[BlackElo "2078"]
[EventDate "2010.05.25"]

1. e4 Nc6 2. d4 e5 3. dxe5 Nxe5 4. f4 Nc6 5. Bc4 d6 6. Nc3 Nf6 7. Nf3 Be7
8. O-O O-O 9. Qe1 Nb4 10. Bb3 Be6 11. Qg3 Bxb3 12. cxb3 d5 13. Rd1 Bc5+ 14.
Kh1 Qc8 15. exd5 Rd8 16. Ng5 Qf5 17. a3 Nbxd5 18. Bd2 h6 19. Nh3 Rd7 20.
Re1 Nxc3 21. Bxc3 Rd3 22. Re5 Qd7 23. Qh4 Bd4 24. Bxd4 Qxd4 25. Nf2 Rd2 26.
Ng4 Rd1+ 27. Re1 Nxg4 28. Qxg4 Rxa1 29. Rxa1 Qxb2 30. Qd1 Re8 31. h3 Qf2
32. Qd7 Rf8 33. Qxc7 Qb2 34. Rd1 Qxb3 35. Rd7 Re8 36. Qxb7 Qxa3 37. Qxa7
Qc1+ 38. Kh2 Qxf4+ 0-1

[Event "ch-PHI w"]
[Site "Tagaytay City PHI"]
[Date "2010.05.30"]
[Round "6"]
[White "Suede,M"]
[Black "Docena,J"]
[Result "1-0"]
[WhiteElo "1949"]
[BlackElo "2008"]
[EventDate "2010.05.25"]

1. e4 c5 2. Nc3 Nc6 3. f4 g6 4. g3 Bg7 5. Bg2 e6 6. d3 d6 7. Nf3 Nge7 8.
O-O O-O 9. Qe1 Bd7 10. h3 Nd4 11. Qf2 f5 12. Nd1 Bc6 13. c3 Nxf3+ 14. Bxf3
Rc8 15. Qg2 d5 16. Nf2 Qc7 17. Kh1 c4 18. e5 cxd3 19. Nxd3 Qb6 20. Nb4 Bb5
21. Rd1 Rfd8 22. Nc2 Bc6 23. Nd4 Kf7 24. Be3 Qc7 25. g4 Rg8 26. Rg1 b6 27.
Qf2 Qd8 28. Qh4 h6 29. Rg2 Be8 30. Rag1 Nc6 31. Qg3 Nxd4 32. Bxd4 Kf8 33.
gxf5 gxf5 34. Qf2 Rc7 35. Qe2 Qh4 36. Be3 Rh8 37. Kh2 h5 38. Qd2 Bh6 39. c4
dxc4 40. Qd6+ Qe7 41. Qd4 Qd7 42. Qc3 Bf7 43. Rd2 Qe7 44. Rgd1 Kg7 45. Rd4
Rhc8 46. Qd2 Kh7 47. Qf2 Qe8 48. Qd2 c3 49. bxc3 Rxc3 50. Qe1 Bxf4+ 51.
Rxf4 Qb5 52. Bf2 Rc2 53. Rh4 Qb2 54. Kg1 Rg8+ 55. Bg3 Qa3 56. Rf4 Rc3 57.
Qf2 Qc5 58. Kh2 Rc2 59. Be2 Qxe5 60. Re1 Qb2 61. Qe3 Rd8 62. Rf2 Qd4 63.
Qxd4 Rxd4 64. Bb5 Rc5 65. Rb2 Rdd5 66. a4 1-0

[Event "ch-PHI w"]
[Site "Tagaytay City PHI"]
[Date "2010.05.30"]
[Round "6"]
[White "Bernales,C"]
[Black "Palomo,J"]
[Result "1/2-1/2"]
[WhiteElo "2043"]
[BlackElo "1879"]
[EventDate "2010.05.25"]

1. e4 e5 2. Nf3 d6 3. d4 exd4 4. Nxd4 Nf6 5. Nc3 Be7 6. Be2 O-O 7. O-O Bd7
8. Be3 Nc6 9. f4 Re8 10. Bf3 Nxd4 11. Bxd4 Bc6 12. Qe1 Bf8 13. Qe2 Nxe4 14.
Nxe4 Bxe4 15. Bxe4 d5 16. Bxh7+ Kxh7 17. Qh5+ Kg8 18. Rf3 Re6 19. Rg3 c5
20. f5 Rc6 21. Be3 Qe8 22. Rh3 f6 23. Qh7+ Kf7 24. Re1 Rc7 25. Bd2 Re7 26.
Ree3 d4 27. Qh5+ Kg8 28. Qh8+ Kf7 29. Qh5+ Kg8 30. Rxe7 Qxe7 31. Qf3 Qf7
32. Kf2 Rd8 33. Qh5 Qxh5 34. Rxh5 Rd5 35. g4 c4 36. Kf3 Bc5 37. Rh3 d3 38.
c3 a5 39. Rg3 b5 40. Rg2 b4 41. b3 cxb3 42. axb3 Re5 43. c4 Bd4 44. Bf4 Re1
45. Rd2 a4 46. Rxd3 a3 47. Rd2 Rb1 48. Ke4 Bc3 49. Rd8+ Kf7 50. Ra8 Rxb3
51. c5 Be5 52. Bxe5 fxe5 53. Ra7+ Ke8 54. c6 Rc3 55. Ra4 Rxc6 56. Rxb4 Ra6
57. Rb1 Ra5 58. g5 a2 59. Ra1 Ke7 60. h4 Kd6 61. Rd1+ Ke7 62. Ra1 Kd6 63.
Rd1+ Ke7 64. Ra1 1/2-1/2